|
|
|
|
| LEADER |
00720nam a2200205 a 4500 |
| 001 |
c000090825 |
| 003 |
CARM |
| 005 |
00000000000000.0 |
| 008 |
930707s1965 enk 00011 eng d |
| 019 |
1 |
|
|a 10164034
|5 LACONCORD2021
|
| 035 |
|
|
|a (OCoLC)30276410
|5 LACONCORD2021
|
| 040 |
|
|
|a VLINC
|c VLINC
|
| 100 |
1 |
|
|a Lawrence, Margery.
|
| 245 |
1 |
4 |
|a The yellow triangle /
|c Margery Lawrence.
|
| 260 |
|
|
|a London :
|b Robert Hale,
|c 1965.
|
| 300 |
|
|
|a 191 p. ;
|c 21 cm.
|
| 852 |
8 |
|
|b CARM
|h A2:AD36A0
|i B02708
|p 0120549
|f BK
|
| 082 |
0 |
4 |
|a 823.914
|2 20
|
| 999 |
f |
f |
|i 0b189a51-1824-57fb-9e8c-2913111a7186
|s 3504cd65-55a0-5468-b547-638cb717a53b
|
| 952 |
f |
f |
|p Can circulate
|a CAVAL
|b CAVAL
|c CAVAL
|d CARM 1 Store
|e B02708
|f A2:AD36A0
|h Other scheme
|i book
|m 0120549
|